Structured computer organization (Record no. 12595)

000 -LEADER
fixed length control field 00491nam a22001697a 4500
020 ## - INTERNATIONAL STANDARD BOOK NUMBER
International Standard Book Number 9788120347205
082 ## - DEWEY DECIMAL CLASSIFICATION NUMBER
Classification number 005.1 TAN
100 ## - MAIN ENTRY--PERSONAL NAME
Personal name Tanenbaum, Andrew S.
245 ## - TITLE STATEMENT
Title Structured computer organization
250 ## - EDITION STATEMENT
Edition statement 6th ed.
260 ## - PUBLICATION, DISTRIBUTION, ETC.
Place of publication, distribution, etc. New Delhi, India
Name of publisher, distributor, etc. PHI Learning
Date of publication, distribution, etc. 2013
300 ## - PHYSICAL DESCRIPTION
Extent xxii, 769 p.
Other physical details ill. ;
500 ## - GENERAL NOTE
General note Includes bibliographical references and index.
650 ## - SUBJECT ADDED ENTRY--TOPICAL TERM
Topical term or geographic name entry element 1. Computer programming. 2. Computer organization.
700 ## - ADDED ENTRY--PERSONAL NAME
Personal name Austin, Todd.
942 ## - ADDED ENTRY ELEMENTS (KOHA)
Koha item type Book
Holdings
Withdrawn status Lost status Damaged status Not for loan Collection code Permanent Location Current Location Shelving location Date acquired Source of acquisition Cost, normal purchase price Total Checkouts Full call number Barcode Date last seen Price effective from Koha item type
          Central Library (CL) Central Library (CL) First Floor - Software Engineering/ Programming Language 12/27/2013 Allied Book Company 959.20   005.1 TAN SEECS013121 01/11/2014 01/11/2014 Book
© 2023 Central Library, National University of Sciences and Technology. All Rights Reserved.